000 00438nam a2200181Ia 4500
008 090124s9999 xx 000 0 und d
082 _b124318
100 _aराजे शैलजा
245 _a ललाट
250 _a1
260 _c1990
300 _a153
600 _aराजे शैलजा
630 _a ललाट
700 _aराजे शैलजा
730 _a ललाट
942 _cBOOK
999 _c170405
_d170405